Going Behind the Camouflages: (Record no. 4504)

MARC details
000 -LEADER
fixed length control field 00644nam a2200193 4500
008 - FIXED-LENGTH DATA ELEMENTS--GENERAL INFORMATION
fixed length control field 231217b |||||||| |||| 00| 0 eng d
082 ## - DEWEY DECIMAL CLASSIFICATION NUMBER
Classification number 303.66
Item number GOI
942 ## - ADDED ENTRY ELEMENTS (KOHA)
Item Type Reports
700 ## - ADDED ENTRY--PERSONAL NAME
Personal name Raajan, F.
700 ## - ADDED ENTRY--PERSONAL NAME
Personal name Fernando, L.A.
700 ## - ADDED ENTRY--PERSONAL NAME
Personal name Nuwarathne, A.
700 ## - ADDED ENTRY--PERSONAL NAME
Personal name Subasinghe, N.P.
245 ## - TITLE STATEMENT
Title Going Behind the Camouflages:
Sub Title Resettlement of the War Affected IDPs in Sri Lanka
260 ## - PUBLICATION, DISTRIBUTION, ETC. (IMPRINT)
Place of Publication Negambo:
Date of Copyright 2012
300 ## - PHYSICAL DESCRIPTION
Extent 30 p.
856 ## - ELECTRONIC LOCATION AND ACCESS
Uniform Resource Identifier <a href="https://www.lankastandard.com/wp-content/uploads/2012/08/What-is-the-meaning-of-resettlement-in-Sri-Lanka-edited-1.pdf">https://www.lankastandard.com/wp-content/uploads/2012/08/What-is-the-meaning-of-resettlement-in-Sri-Lanka-edited-1.pdf</a>
650 ## - SUBJECT ADDED ENTRY--TOPICAL TERM
Topical Term RESETTLEMENTS-Sri Lanka
650 ## - SUBJECT ADDED ENTRY--TOPICAL TERM
Topical Term Internal displaced people
Holdings
Withdrawn status Lost status Source of classification or shelving scheme Damaged status Not for loan Permanent location Current location Date acquired Total Checkouts Full call number Barcode Date last seen Price effective from Koha item type
    Dewey Decimal Classification     Resource center, Muslim Women's Research And Action Forum Resource center, Muslim Women's Research And Action Forum 2023-12-17   303.66 GOI RAF3661 2023-12-17 2023-12-17 Reports
    Dewey Decimal Classification     Resource center, Muslim Women's Research And Action Forum Resource center, Muslim Women's Research And Action Forum 2023-12-18   303.66 GOI RAF4587 2023-12-18 2023-12-18 Reports
    Dewey Decimal Classification     Resource center, Muslim Women's Research And Action Forum Resource center, Muslim Women's Research And Action Forum 2023-12-18   303.66 GOI RAF4588 2023-12-18 2023-12-18 Reports

Copyright © 2023 Muslim Women's Research and Action Forum (MWRAF), No 27/3, Anderson Road, Kalubowila, Dehiwela. Funded by The Asia Fundation